[Event "Usti nad Labem blitz op"]
[Site "Usti nad Labem"]
[Date "2023.05.07"]
[Round "7"]
[White "Rubes, Jan"]
[Black "Werner, Hong Quan Dan"]
[Result "1-0"]
[WhiteElo "2435"]
[BlackElo "1968"]
[PlyCount "74"]
[EventDate "2023.05.07"]
[EventType "swiss (blitz)"]
[EventRounds "15"]
[EventCountry "CZE"]
[SourceTitle "CBM 214 Extra"]
[Source "ChessBase"]
[SourceDate "2023.07.31"]
[SourceVersion "1"]
[SourceVersionDate "2023.07.31"]
[SourceQuality "1"]

1. d4 c5 2. d5 e5 3. Nc3 d6 4. e4 g6 5. Nf3 Bg7 6. Bb5+ Nd7 7. a4 Ne7 8. 0-0 0-0 9. Nd2 Bh6 10. Nc4 Bxc1 11. Qxc1 Nf6 12. Ne3 a6 13. Be2 Ne8 14. Nc4 f5 15. f4 exf4 16. Qxf4 Rb8 17. a5 Qc7 18. Rad1 Bd7 19. Qh4 Bb5 20. e5 Bxc4 21. Bxc4 Kg7 22. e6 Nf6 23. Ra1 b5 24. axb6 Rxb6 25. b3 Ra8 26. h3 a5 27. g4 Rb4 28. gxf5 Nxf5 29. Rxf5 gxf5 30. Qg5+ Kf8 31. Qxf6+ Ke8 32. Qh8+ Ke7 33. Qxh7+ Kd8 34. Qg8+ Ke7 35. Qxa8 Kf6 36. Qh8+ Kg5 37. Kh2 Kg6 1-0

[Event "Usti nad Labem blitz op"]
[Site "Usti nad Labem"]
[Date "2023.05.07"]
[Round "6"]
[White "Zemlicka, Vit"]
[Black "Werner, Hong Quan Dan"]
[Result "0-1"]
[WhiteElo "1886"]
[BlackElo "1968"]
[PlyCount "89"]
[EventDate "2023.05.07"]
[EventType "swiss (blitz)"]
[EventRounds "15"]
[EventCountry "CZE"]
[SourceTitle "CBM 214 Extra"]
[Source "ChessBase"]
[SourceDate "2023.07.31"]
[SourceVersion "1"]
[SourceVersionDate "2023.07.31"]
[SourceQuality "1"]

1. e4 c5 2. Nf3 Nc6 3. d4 cxd4 4. Nxd4 e5 5. Nb5 d6 6. c4 Nf6 7. Bd3 a6 8. N5c3 Be7 9. 0-0 0-0 10. Nd5 Nxd5 11. cxd5 Nb4 12. Be2 a5 13. Nc3 Na6 14. Be3 Bg5 15. Qd2 Bxe3 16. Qxe3 Nc5 17. Rac1 g6 18. Bb5 Qh4 19. f3 f5 20. Bd3 f4 21. Qe2 g5 22. Bc4 Rf6 23. Nb5 Rh6 24. h3 Qg3 25. Qf2 Rxh3 26. Qxg3 Rxg3 27. Nxd6 h5 28. Nxc8 Rxc8 29. d6+ Kf8 30. Be6 Rc6 31. Bd5 Rxd6 32. Rxc5 h4 33. Rc8+ Ke7 34. Rc7+ Kd8 35. Rxb7 h3 36. Rf2 g4 37. Rc2 gxf3 38. Rb8+ Ke7 39. Rc7+ Rd7 40. Rxd7+ Kxd7 41. Rb7+ Kd6 42. Rb6+ Kc5 43. Rc6+ Kb5 44. a4+ Kxa4 45. Rc4+ 0-1

[Event "CZE-ch U16"]
[Site "Teplice"]
[Date "2023.03.18"]
[Round "9"]
[White "Hladky, Tadeas"]
[Black "Werner, Hong Quan Dan"]
[Result "1-0"]
[WhiteElo "1973"]
[BlackElo "2085"]
[PlyCount "107"]
[EventDate "2023.03.11"]
[EventType "swiss"]
[EventRounds "9"]
[EventCountry "CZE"]
[SourceTitle "CBM 213 Extra"]
[Source "ChessBase"]
[SourceDate "2023.05.31"]
[SourceVersion "1"]
[SourceVersionDate "2023.05.31"]
[SourceQuality "1"]

1. e4 c5 2. Nf3 Nc6 3. Bb5 g6 4. 0-0 Nf6 5. Re1 Bg7 6. e5 Nd5 7. Nc3 Nc7 8. Bxc6 bxc6 9. d3 0-0 10. Be3 Ne6 11. Qd2 d5 12. Na4 d4 13. Bh6 f6 14. Bxg7 Kxg7 15. exf6+ exf6 16. b3 Qd6 17. Re4 Bd7 18. Rae1 Rfe8 19. h3 c4 20. dxc4 c5 21. Qa5 Bc6 22. Rxe6 Rxe6 23. Rxe6 Qxe6 24. Qc7+ Kg8 25. Nxc5 Qe8 26. Nxd4 Rc8 27. Qd6 Qe1+ 28. Kh2 Qe5+ 29. Qxe5 fxe5 30. Nxc6 Rxc6 31. Ne4 Kf7 32. Kg3 Rc7 33. Nc3 Ke6 34. Kf3 h6 35. Nd5 Rf7+ 36. Ke3 g5 37. f3 h5 38. Ke4 Rg7 39. c5 g4 40. hxg4 hxg4 41. c6 gxf3 42. c7 Kd7 43. gxf3 Rg2 44. c4 Re2+ 45. Kf5 Rxa2 46. Kxe5 Ra3 47. c5 Ra6 48. b4 Re6+ 49. Kd4 a6 50. f4 Kc8 51. f5 Re1 52. c6 a5 53. b5 a4 54. b6 1-0

[Event "CZE-ch U16"]
[Site "Teplice"]
[Date "2023.03.17"]
[Round "8"]
[White "Werner, Hong Quan Dan"]
[Black "Seidl, Jan1111"]
[Result "0-1"]
[WhiteElo "2085"]
[BlackElo "2025"]
[PlyCount "64"]
[EventDate "2023.03.11"]
[EventType "swiss"]
[EventRounds "9"]
[EventCountry "CZE"]
[SourceTitle "CBM 213 Extra"]
[Source "ChessBase"]
[SourceDate "2023.05.31"]
[SourceVersion "1"]
[SourceVersionDate "2023.05.31"]
[SourceQuality "1"]

1. e4 c6 2. Nc3 d5 3. Nf3 Bg4 4. h3 Bxf3 5. Qxf3 e6 6. Be2 Nf6 7. 0-0 Be7 8. Rd1 d4 9. Nb1 0-0 10. d3 c5 11. Qg3 Nc6 12. f4 Qc7 13. Qf2 Nd7 14. a4 a6 15. Na3 f5 16. e5 Kh8 17. Bd2 g5 18. g3 Rg8 19. Kh1 gxf4 20. gxf4 Nf8 21. Qh2 Nxe5 22. Qf2 Qc6+ 23. Kh2 Bh4 24. Qf1 Bg3+ 25. Kg1 Bxf4+ 26. Kf2 Bg3+ 27. Kg1 f4 28. Nc4 f3 29. Nxe5 f2+ 30. Qxf2 Bxf2+ 31. Kxf2 Qg2+ 32. Ke1 Qg3+ 0-1

[Event "CZE-ch U16"]
[Site "Herlikovice"]
[Date "2021.10.29"]
[Round "8"]
[White "Pisar, Tomas"]
[Black "Werner, Hong Quan Dan"]
[Result "0-1"]
[WhiteElo "1615"]
[BlackElo "1762"]
[PlyCount "72"]
[EventDate "2021.10.23"]
[EventType "swiss"]
[EventRounds "9"]
[EventCountry "CZE"]
[SourceTitle "EXT 2023"]
[Source "ChessBase"]
[SourceDate "2022.10.05"]
[SourceVersion "1"]
[SourceVersionDate "2022.10.05"]
[SourceQuality "1"]

1. d4 Nf6 2. Nf3 g6 3. g3 Bg7 4. Bg2 d6 5. 0-0 0-0 6. c4 c6 7. Nc3 Bf5 8. b3 Ne4 9. Bb2 Nxc3 10. Bxc3 Be4 11. Qd2 e6 12. Rfd1 d5 13. Nh4 Bxg2 14. Nxg2 Nd7 15. f3 Qf6 16. Rac1 Rfd8 17. Qd3 Nb6 18. Ba1 Qe7 19. e4 Qa3 20. Qe2 dxc4 21. bxc4 Bxd4+ 22. Bxd4 Rxd4 23. Ne3 Rxd1+ 24. Rxd1 Qc5 25. Kg2 e5 26. Qd3 Re8 27. Ng4 Qe7 28. c5 Na4 29. Qd6 Kg7 30. f4 Nxc5 31. fxe5 Qxd6 32. exd6 Nxe4 33. Kf3 Nf6 34. d7 Rd8 35. Ne5 Nd5 36. Rb1 f6 0-1

[Event "CZE-ch U16"]
[Site "Herlikovice"]
[Date "2021.10.24"]
[Round "2"]
[White "Havelkova, Beata"]
[Black "Werner, Hong Quan Dan"]
[Result "1/2-1/2"]
[WhiteElo "1558"]
[BlackElo "1762"]
[PlyCount "106"]
[EventDate "2021.10.23"]
[EventType "swiss"]
[EventRounds "9"]
[EventCountry "CZE"]
[SourceTitle "EXT 2023"]
[Source "ChessBase"]
[SourceDate "2022.10.05"]
[SourceVersion "1"]
[SourceVersionDate "2022.10.05"]
[SourceQuality "1"]

1. e4 c5 2. c3 d6 3. d4 Nf6 4. dxc5 Nc6 5. Be3 Nxe4 6. cxd6 Qxd6 7. Qxd6 Nxd6 8. Nf3 e5 9. Nbd2 Be7 10. Nc4 Nxc4 11. Bxc4 Bg4 12. Bd5 Bxf3 13. Bxf3 0-0 14. 0-0-0 f5 15. Bd5+ Kh8 16. Bxc6 bxc6 17. Rd7 Rae8 18. Bxa7 Bg5+ 19. Kc2 e4 20. Bc5 Rf6 21. h4 Bh6 22. Rhd1 f4 23. R1d4 Kg8 24. Rd8 Rfe6 25. R4d7 e3 26. Rxe8+ Rxe8 27. Kd1 Re5 28. Bd4 Rh5 29. Ke2 c5 30. fxe3 cxd4 31. exd4 Ra5 32. a3 Kf8 33. c4 Ke8 34. Rb7 Kd8 35. c5 Kc8 36. c6 Rd5 37. Kd3 Rd6 38. d5 Rxd5+ 39. Kc4 Ra5 40. Kb4 f3 41. gxf3 Bd2+ 42. Kc4 Bh6 43. Rd7 Be3 44. Kb4 Rc5 45. Rxg7 h5 46. Rh7 Rxc6 47. Rxh5 Rf6 48. Rh7 Rxf3 49. h5 Bc1 50. b3 Rf4+ 51. Kb5 Rf5+ 52. Kc6 Rf6+ 53. Kd5 Bxa3 1/2-1/2

[Event "CZE-ch Betsys Online Blitz"]
[Site "Chess.com INT"]
[Date "2021.04.17"]
[Round "9"]
[White "Macurek, Miloslav"]
[Black "Werner, Hong Quan Dan"]
[Result "0-1"]
[WhiteElo "1887"]
[BlackElo "1796"]
[PlyCount "106"]
[EventDate "2021.04.17"]
[EventType "swiss (blitz)"]
[EventRounds "13"]
[EventCountry "CZE"]
[SourceTitle "CBM 201 Extra"]
[Source "ChessBase"]
[SourceDate "2021.05.31"]
[SourceVersion "1"]
[SourceVersionDate "2021.05.31"]
[SourceQuality "1"]

1. d4 g6 2. Nc3 Bg7 3. Bf4 d6 4. e4 Nc6 5. Nf3 Nf6 6. Bc4 0-0 7. h3 Nh5 8. Be3 e5 9. dxe5 dxe5 10. Qxd8 Rxd8 11. 0-0 Nf4 12. Ng5 Be6 13. Nxe6 Nxe6 14. Bxe6 fxe6 15. Rad1 Nd4 16. Rd2 c6 17. Rfd1 Rd7 18. Kf1 Rad8 19. Ne2 Rd6 20. c3 Nb5 21. Rxd6 Rxd6 22. Rxd6 Nxd6 23. f3 b6 24. Nc1 Nc4 25. Bg1 Nxb2 26. Ke2 Bh6 27. Nb3 Kf7 28. Bh2 Bf4 29. g3 Bh6 30. Bg1 Ke7 31. Be3 Bxe3 32. Kxe3 g5 33. Nd2 Nd1+ 34. Kd3 Nf2+ 35. Kc4 Nxh3 36. g4 Nf4 37. Kb4 h5 38. c4 h4 39. Nf1 Nd3+ 40. Kc3 Ne1 41. Nh2 Ng2 42. Kb4 Ne3 43. c5 bxc5+ 44. Kxc5 Kd7 45. a4 h3 46. a5 Kc7 47. Kb4 Nc2+ 48. Kc5 Ne1 49. Kb4 Kd6 50. Kc4 a6 51. Kb4 c5+ 52. Kc4 Kc6 53. Kc3 Kb5 0-1

[Event "CZE-ch Betsys Online Blitz"]
[Site "Chess.com INT"]
[Date "2021.04.17"]
[Round "10"]
[White "Svoboda, Karel"]
[Black "Werner, Hong Quan Dan"]
[Result "1/2-1/2"]
[WhiteElo "1962"]
[BlackElo "1796"]
[PlyCount "123"]
[EventDate "2021.04.17"]
[EventType "swiss (blitz)"]
[EventRounds "13"]
[EventCountry "CZE"]
[SourceTitle "CBM 201 Extra"]
[Source "ChessBase"]
[SourceDate "2021.05.31"]
[SourceVersion "1"]
[SourceVersionDate "2021.05.31"]
[SourceQuality "1"]

1. e4 c5 2. Nf3 Nc6 3. d3 d6 4. Nbd2 Nf6 5. b3 e5 6. Bb2 Be7 7. Be2 0-0 8. 0-0 Nh5 9. Nc4 Nf4 10. Re1 b5 11. Ne3 Be6 12. Bf1 Nd4 13. Nxd4 cxd4 14. Nf5 g6 15. Ng3 Qd7 16. c4 bxc4 17. bxc4 h5 18. Ne2 Bg4 19. Qd2 Bg5 20. Nxf4 Bxf4 21. Qc2 Rab8 22. g3 Bg5 23. Bg2 f5 24. f3 Be3+ 25. Kh1 fxe4 26. fxg4 exd3 27. Qxd3 Rxb2 28. Re2 Rxe2 29. Qxe2 Qxg4 30. Qxg4 hxg4 31. Be4 Kg7 32. Rb1 Rf7 33. Kg2 Rf2+ 34. Kh1 Rxa2 35. Bd5 d3 36. c5 Bxc5 37. Bxa2 e4 38. Bd5 e3 39. Kg2 e2 40. Bc4 d5 41. Bxd3 a5 42. Bxe2 a4 43. Bb5 a3 44. Bd7 Bd4 45. Bxg4 a2 46. Rd1 Bc3 47. Be6 a1Q 48. Rxa1 Bxa1 49. Bxd5 Kf6 50. Bf3 g5 51. h4 gxh4 52. gxh4 Kg6 53. Kh3 Kh6 54. h5 Bf6 55. Kg4 Bg5 56. Be4 Bc1 57. Bg6 Ba3 58. Be8 Bc5 59. Bg6 Ba7 60. Be8 Bb8 61. Bg6 Bc7 62. Be8 1/2-1/2

[Event "EU-ch U12"]
[Site "Bratislava"]
[Date "2019.08.10"]
[Round "9"]
[White "Venkatesan, Kavin"]
[Black "Werner, Hong Quan Dan"]
[Result "1-0"]
[WhiteElo "1824"]
[BlackElo "1682"]
[PlyCount "45"]
[EventDate "2019.08.02"]
[EventType "swiss"]
[EventRounds "9"]
[EventCountry "SVK"]
[SourceTitle "EXT 2020"]
[Source "ChessBase"]
[SourceDate "2019.10.17"]
[SourceVersion "1"]
[SourceVersionDate "2019.10.17"]
[SourceQuality "1"]

1. d4 Nf6 2. c4 g6 3. Nc3 Bg7 4. Nf3 d6 5. Bg5 0-0 6. e3 h6 7. Bh4 g5 8. Bg3 c5 9. Be2 cxd4 10. exd4 Nh5 11. Qd3 f5 12. Nd2 Nf6 13. f4 g4 14. 0-0-0 Nh5 15. h3 Nxg3 16. Qxg3 Rf6 17. hxg4 fxg4 18. Nd5 Rf8 19. Bxg4 Bxg4 20. Qxg4 Kh8 21. Qe6 Rf6 22. Nxf6 exf6 23. Ne4 1-0

[Event "EU-ch U12"]
[Site "Bratislava"]
[Date "2019.08.07"]
[Round "6"]
[White "Werner, Hong Quan Dan"]
[Black "Eliseev, Sergey1111"]
[Result "0-1"]
[WhiteElo "1682"]
[BlackElo "1922"]
[PlyCount "164"]
[EventDate "2019.08.02"]
[EventType "swiss"]
[EventRounds "9"]
[EventCountry "SVK"]
[SourceTitle "EXT 2020"]
[Source "ChessBase"]
[SourceDate "2019.10.17"]
[SourceVersion "1"]
[SourceVersionDate "2019.10.17"]
[SourceQuality "1"]

1. e4 c5 2. Nf3 d6 3. d4 cxd4 4. Nxd4 Nf6 5. Nc3 Nc6 6. f3 e5 7. Nb3 Be7 8. Be3 Be6 9. Nd5 Bxd5 10. exd5 Nb4 11. c4 a5 12. a3 Na6 13. Bd3 0-0 14. 0-0 Nd7 15. f4 exf4 16. Bxf4 Qb6+ 17. Kh1 a4 18. Nd4 g6 19. Nb5 Ne5 20. Bxe5 dxe5 21. d6 Bg5 22. Qf3 Nc5 23. Rae1 Rae8 24. Qd5 Qc6 25. Be4 Nxe4 26. Rxe4 Qxd5 27. cxd5 f5 28. Rxa4 Rd8 29. Nc7 e4 30. g3 Bd2 31. Rf2 e3 32. Re2 Rxd6 33. Rd4 Rfd8 34. b4 R8d7 35. Rc4 Kf7 36. Kg2 Re7 37. Rc5 Rdd7 38. Ne6 b6 39. Rb5 Rd6 40. a4 Red7 41. Nf4 Kf6 42. Kf3 g5 43. Nd3 g4+ 44. Kg2 Ra7 45. Nb2 Rc7 46. Nd1 Re7 47. a5 bxa5 48. bxa5 Kg5 49. Nb2 Re4 50. Nd3 Ra4 51. Nf4 Ra6 52. Rb6 R4xa5 53. Rxa6 Rxa6 54. h4+ Kf6 55. Nd3 Rd6 56. Nf4 Ke5 57. Kf1 Rb6 58. Kg2 Ke4 59. Kg1 Kf3 60. Kh2 Ra6 61. Rg2 Rd6 62. Kh1 h6 63. Kg1 Rd8 64. Kh1 Re8 65. Ne6 Ke4 66. Kg1 Re7 67. Nf4 Be1 68. Kf1 Bf2 69. Rxf2 exf2 70. Kxf2 Ra7 71. Ke2 Ra2+ 72. Kd1 Ra4 73. Kc2 Ke5 74. Ne2 Ra2+ 75. Kd3 Rxe2 76. Kxe2 Kxd5 77. Kd3 h5 78. Ke3 Ke5 79. Kf2 Kd4 80. Ke2 Ke4 81. Kf2 Kd3 82. Kg1 Ke2 0-1

[Event "EU-chT U12"]
[Site "Pardubice"]
[Date "2019.07.17"]
[Round "7.4"]
[White "Hagner, Bennet"]
[Black "Werner, Hong Quan Dan"]
[Result "1-0"]
[WhiteElo "1831"]
[BlackElo "1734"]
[PlyCount "53"]
[EventDate "2019.07.11"]
[EventType "team-swiss"]
[EventRounds "7"]
[EventCountry "CZE"]
[SourceTitle "EXT 2020"]
[Source "ChessBase"]
[SourceDate "2019.10.17"]
[SourceVersion "1"]
[SourceVersionDate "2019.10.17"]
[SourceQuality "1"]
[WhiteTeam "Germany U12"]
[BlackTeam "Czech Republic U12"]
[WhiteTeamCountry "GER"]
[BlackTeamCountry "CZE"]

1. e4 c5 2. Nf3 Nc6 3. d4 cxd4 4. Nxd4 e5 5. Nb5 d6 6. N1c3 Nf6 7. Nd5 Nxd5 8. exd5 Nb8 9. c4 Be7 10. Bd3 a6 11. Nc3 0-0 12. 0-0 f5 13. Bc2 Bf6 14. b3 e4 15. Bb2 Nd7 16. f3 Qb6+ 17. Kh1 Nc5 18. fxe4 Nxe4 19. Bxe4 fxe4 20. Qe2 Re8 21. Rxf6 gxf6 22. Nxe4 Kf8 23. Bxf6 Qc7 24. Rf1 Qf7 25. Bg7+ Kxg7 26. Rxf7+ Kg8 27. Nf6+ 1-0

[Event "CZE-ch U10"]
[Site "Kouty nad Desnou"]
[Date "2017.03.17"]
[Round "8"]
[White "Paseka, Matyas"]
[Black "Werner, Hong Quan Dan"]
[Result "0-1"]
[WhiteElo "1441"]
[BlackElo "1395"]
[PlyCount "116"]
[EventDate "2017.03.11"]
[EventType "swiss"]
[EventRounds "9"]
[EventCountry "CZE"]
[SourceTitle "CBM 177 Extra"]
[Source "ChessBase"]
[SourceDate "2017.04.27"]
[SourceVersion "1"]
[SourceVersionDate "2017.04.27"]
[SourceQuality "1"]

1. e4 e5 2. Nf3 Nc6 3. Bb5 f5 4. d3 fxe4 5. dxe4 Nf6 6. Bxc6 bxc6 7. Nxe5 Bc5 8. 0-0 0-0 9. Nc3 Bb7 10. Qe2 d6 11. Qc4+ Nd5 12. exd5 cxd5 13. Nxd5 dxe5 14. Nxc7+ Kh8 15. Nxa8 Qxa8 16. Qxc5 Bxg2 17. Qxf8+ Qxf8 18. Kxg2 Qc5 19. c3 Qd5+ 20. f3 e4 21. Be3 Qe6 22. Rad1 Qg6+ 23. Kh1 h6 24. Bd4 Qc6 25. Rg1 e3 26. Kg2 Qg6+ 27. Kf1 Qc2 28. Bxe3 Qxd1+ 29. Kg2 Qc2+ 30. Kh3 Kh7 31. Bd4 g6 32. Rg2 Qf5+ 33. Kg3 g5 34. Be3 h5 35. Kf2 g4 36. f4 Qe4 37. Bxa7 Qxf4+ 38. Kg1 Qc1+ 39. Kf2 Qxb2+ 40. Kg1 Qa1+ 41. Kf2 Qxa2+ 42. Kf1 Qxa7 43. Rc2 Qe3 44. c4 Qd3+ 45. Re2 Qxc4 46. Kf2 Qf4+ 47. Ke1 h4 48. Rf2 Qe3+ 49. Re2 Qg1+ 50. Kd2 g3 51. hxg3 hxg3 52. Re1 Qd4+ 53. Ke2 Qf2+ 54. Kd1 g2 55. Re7+ Kg6 56. Re6+ Kf5 57. Re2 g1Q+ 58. Kd2 Qge1+ 0-1

[Event "CZE-ch U10"]
[Site "Kouty nad Desnou"]
[Date "2017.03.12"]
[Round "2"]
[White "Brozka, Karel"]
[Black "Werner, Hong Quan Dan"]
[Result "1-0"]
[WhiteElo "1708"]
[BlackElo "1395"]
[PlyCount "121"]
[EventDate "2017.03.11"]
[EventType "swiss"]
[EventRounds "9"]
[EventCountry "CZE"]
[SourceTitle "CBM 177 Extra"]
[Source "ChessBase"]
[SourceDate "2017.04.27"]
[SourceVersion "1"]
[SourceVersionDate "2017.04.27"]
[SourceQuality "1"]

1. d4 d5 2. Nf3 g6 3. c3 Bg7 4. Bf4 Nf6 5. e3 0-0 6. Bd3 Re8 7. Nbd2 Nbd7 8. 0-0 c5 9. Re1 c4 10. Bc2 Nb6 11. e4 dxe4 12. Nxe4 Nbd5 13. Be5 Bf5 14. Nxf6+ exf6 15. Bg3 Bxc2 16. Qxc2 f5 17. h3 f4 18. Bh2 Qc7 19. g3 Bh6 20. Ne5 fxg3 21. Bxg3 Bf4 22. Qe4 Bxg3 23. fxg3 Rad8 24. Qf3 Re6 25. Qf1 Rf6 26. Qxc4 Qxc4 27. Nxc4 Rc6 28. Ne5 Rb6 29. Rab1 Ra6 30. a3 f6 31. Nd3 Rc6 32. Nb4 Nxb4 33. axb4 Kf7 34. Re2 Rd5 35. Rbe1 Rc7 36. Re3 a5 37. bxa5 Rxa5 38. Rc1 Ra2 39. Rc2 Rc6 40. Kf2 Ra4 41. d5 Rd6 42. Rd3 Ra5 43. c4 Rc5 44. b4 Rc8 45. c5 Rd7 46. b5 b6 47. c6 Rd6 48. Ke3 Rcd8 49. Rcc3 Re8+ 50. Kd4 Red8 51. Kc4 Re8 52. Ra3 Re4+ 53. Rd4 Re1 54. Ra7+ Kg8 55. Rb7 Rc1+ 56. Kd3 Rd1+ 57. Kc3 Rxd5 58. Rxd1 Rxd1 59. c7 Rc1+ 60. Kd2 Rc5 61. Rb8+ 1-0

[Event "CZE-ch U10"]
[Site "Kouty nad Desnou"]
[Date "2017.03.11"]
[Round "1"]
[White "Werner, Hong Quan Dan"]
[Black "Sedmihradsky, Tomas"]
[Result "1-0"]
[WhiteElo "1395"]
[BlackElo "1145"]
[PlyCount "69"]
[EventDate "2017.03.11"]
[EventType "swiss"]
[EventRounds "9"]
[EventCountry "CZE"]
[SourceTitle "CBM 177 Extra"]
[Source "ChessBase"]
[SourceDate "2017.04.27"]
[SourceVersion "1"]
[SourceVersionDate "2017.04.27"]
[SourceQuality "1"]

1. e4 e6 2. d4 d5 3. Nd2 c5 4. Ngf3 Nc6 5. c3 Qb6 6. exd5 exd5 7. Nb3 Nf6 8. dxc5 Bxc5 9. Nxc5 Qxc5 10. Be3 Qe7 11. Bd3 Bg4 12. 0-0 0-0 13. Re1 Qd6 14. b4 Qc7 15. h3 Bxf3 16. Qxf3 Ne5 17. Qg3 Nh5 18. Qh2 Rac8 19. Bf5 Rce8 20. Bc5 g6 21. Bg4 f5 22. Bxh5 Rf7 23. f4 gxh5 24. fxe5 b6 25. Bd4 Re6 26. Qg3+ Rg7 27. Qh4 Reg6 28. Re2 Qc4 29. Qd8+ Kf7 30. e6+ Rxe6 31. Qd7+ Kf8 32. Qxg7+ Ke8 33. Rxe6+ Kd8 34. Bf6+ Kc8 35. Re8# 1-0

[Event "EU-ch U10 26th"]
[Site "Prague"]
[Date "2016.08.26"]
[Round "8"]
[White "Werner, Hong Quan Dan"]
[Black "Yudin, Yakov"]
[Result "1/2-1/2"]
[WhiteElo "1586"]
[BlackElo "1407"]
[PlyCount "118"]
[EventDate "2016.08.18"]
[EventType "swiss"]
[EventRounds "9"]
[EventCountry "CZE"]
[SourceTitle "CBM 174 Extra"]
[Source "ChessBase"]
[SourceDate "2016.10.10"]
[SourceVersion "1"]
[SourceVersionDate "2016.10.10"]
[SourceQuality "1"]

1. e4 c5 2. Nf3 d6 3. d4 cxd4 4. Nxd4 Nf6 5. Nc3 a6 6. Be3 e5 7. Nb3 Be7 8. f3 Be6 9. Qd2 Nbd7 10. 0-0-0 0-0 11. g4 b5 12. g5 b4 13. Ne2 Ne8 14. h4 a5 15. Kb1 Nb6 16. Ng3 d5 17. Bxb6 Qxb6 18. exd5 Rd8 19. Qe2 Bxd5 20. Nf5 Qc7 21. Nxa5 Bxa2+ 22. Kxa2 Qxa5+ 23. Kb1 Rxd1+ 24. Qxd1 Qc7 25. Bd3 Nd6 26. Qd2 Nxf5 27. Bxf5 Ra8 28. c3 Qa5 29. Kc1 Rd8 30. Qc2 Qa1+ 31. Qb1 Qxb1+ 32. Kxb1 bxc3 33. bxc3 f6 34. g6 hxg6 35. Bxg6 Rc8 36. Kc2 Bb4 37. Kb3 Ba5 38. c4 Kf8 39. Rg1 Bb6 40. Rg2 Rb8 41. Ka4 Bc5 42. Rg4 Rb4+ 43. Ka5 Rb3 44. Be4 Rb4 45. Bd5 Rb1 46. f4 exf4 47. Rxf4 Rb6 48. Rf5 Bd4 49. Be4 Rb3 50. c5 Rc3 51. Kb6 Be5 52. c6 Rc4 53. Bd5 Rxh4 54. Rxe5 fxe5 55. c7 Rh6+ 56. Kb7 Ke7 57. c8Q Rh2 58. Qe6+ Kd8 59. Kc6 Rh6 1/2-1/2

[Event "EU-ch U10 26th"]
[Site "Prague"]
[Date "2016.08.24"]
[Round "6"]
[White "Werner, Hong Quan Dan"]
[Black "Fava, Achille"]
[Result "1-0"]
[WhiteElo "1586"]
[BlackElo "1364"]
[PlyCount "65"]
[EventDate "2016.08.18"]
[EventType "swiss"]
[EventRounds "9"]
[EventCountry "CZE"]
[SourceTitle "CBM 174 Extra"]
[Source "ChessBase"]
[SourceDate "2016.10.10"]
[SourceVersion "1"]
[SourceVersionDate "2016.10.10"]
[SourceQuality "1"]

1. e4 e5 2. Nf3 Nc6 3. Bc4 Bc5 4. d3 d6 5. c3 Bg4 6. h3 Bh5 7. Bb3 h6 8. 0-0 Qf6 9. Nbd2 g5 10. g4 Bg6 11. Nh2 h5 12. Kg2 hxg4 13. Nxg4 Qg7 14. Nf3 f6 15. Ba4 Nh6 16. Nxh6 Qxh6 17. Rh1 Kd7 18. h4 Qh5 19. Kg3 Rag8 20. Bxg5 fxg5 21. hxg5 Bxf2+ 22. Kxf2 Qg4 23. Nxe5+ dxe5 24. Qxg4+ Kd8 25. Rxh8 Rxh8 26. Bxc6 bxc6 27. Qe6 Rf8+ 28. Ke3 Bh5 29. Rh1 Rf3+ 30. Kd2 Rf2+ 31. Kc1 Bf7 32. Rh8+ Be8 33. Qxe8# 1-0